John Lennon / (Record no. 185215)

MARC details
000 -LEADER
campo de control de longitud fija 01103nam a2200289 i 4500
001 - NÚMERO DE CONTROL
campo de control 185215
003 - IDENTIFICADOR DE NÚMERO DE CONTROL
campo de control SpMaBN
005 - FECHA Y HORA DE LA ÚLTIMA TRANSACCIÓN
campo de control 20251216145337.0
008 - DATOS DE LONGITUD FIJA--INFORMACIÓN GENERAL
campo de control de longitud fija 160418s2003 sp |||| |bspa d
080 ## - NÚMERO DE LA CLASIFICACIÓN DECIMAL UNIVERSAL
Número de la Clasificación Decimal Universal 929 Lennon, John
100 1# - ENTRADA PRINCIPAL--NOMBRE DE PERSONA
Nombre de persona Sierra i Fabra, Jordi.
9 (RLIN) 106274
245 10 - MENCIÓN DEL TÍTULO
Título John Lennon /
Mención de responsabilidad, etc. Jordi Sierra i Fabra ; prólogo de Eduardo Bautista.
250 ## - MENCION DE EDICION
Mención de edición Ed. especial para este periódico.
260 ## - PUBLICACIÓN, DISTRIBUCIÓN, ETC.
Lugar de publicación, distribución, etc. [Barcelona] :
Nombre del editor, distribuidor, etc. ABC :
-- Folio,
Fecha de publicación, distribución, etc. [2003]
300 ## - DESCRIPCIÓN FÍSICA
Extensión 223 p. ;
Dimensiones 21 cm.
490 1# - MENCIÓN DE SERIE
Mención de serie Biblioteca ABC. Protagonistas del s. XX ;
Designación de volumen o secuencia 11. Las biografías que construyeron el siglo
500 ## - NOTA GENERAL
Nota general Cronología.
505 8# - NOTA DE CONTENIDO CON FORMATO
Nota de contenido con formato Contiene: ;
Título Diario de John Lennon
600 17 - PUNTO DE ACCESO ADICIONAL DE MATERIA--NOMBRE DE PERSONA
Nombre de persona Lennon, John,
Fechas asociadas al nombre 1940-1980
Fuente del encabezamiento o término
9 (RLIN) 159372
700 1# - ENTRADA AGREGADA--NOMBRE PERSONAL
Nombre de persona Bautista, Teddy,
Fechas asociadas al nombre 1943-
9 (RLIN) 159373
710 2# - ENTRADA AGREGADA--NOMBRE DE ENTIDAD CORPORATIVA
Nombre de entidad corporativa o nombre de jurisdicción como elemento de entrada Diario ABC.
9 (RLIN) 1137
740 02 - ENTRADA AGREGADA--TÍTULO RELACIONADO/ANALÍTICO NO CONTROLADO
Título relacionado o analítico no controlado Diario de John Lennon.
830 00 - PUNTO DE ACCESO ADICIONAL DE SERIE-TÍTULO UNIFORME
Título uniforme Biblioteca ABC. Protagonistas del s. XX
Designación de volumen o secuencia 11. Las biografías que construyeron el siglo
9 (RLIN) 192266
852 ## - LOCALIZACIÓN
Ubicación ES-MaACL
Número de control de estantería A-13699
Nota libre - enc. cart.
itemnumber 192235
Sublocalización o colección R.150376
Ubicación en estantería Depósito 1
Signatura antigua Olim: N-6699
942 ## - ELEMENTOS DE ENTRADA SECUNDARIOS (KOHA)
Fuente del sistema de clasificación o colocación Clasificación decimal universal
Holdings
Estatus retirado Estado de pérdida Fuente del sistema de clasificación o colocación Estado de daño No para préstamo Biblioteca de origen Biblioteca actual Ubicación en estantería Fecha de adquisición Fuente de adquisición Total de préstamos Signatura topográfica completa Código de barras Visto por última vez Precio de reemplazo Tipo de ítem Koha
    Clasificación decimal universal     Biblioteca del Ateneo de Madrid Biblioteca del Ateneo de Madrid Depósito 1 18/04/2016 Donación   A-13699 1195116 23/02/2023 23/02/2023 Libro impreso